Bilecik Bilecik Bilecik Bilecik Bilecik

Mikrobiyoloji laboratuvar kılavuzu/ (Record no. 38205)

MARC details
000 -BAŞLIK
Sabit Uzunluktaki Kontrol Alanı 01027nam a22003137a 4500
001 - KONTROL NUMARASI
Control Dosyası 0038368
003 - KONTROL NUMARASI KİMLİĞİ
Kontrol Alanı KOHA_MİRAKIL
005 - EN SON İŞLEM TARİHİ ve ZAMANI
Kontrol Alanı 20260207003058.0
007 - FİZİKSEL TANIM SABİT ALAN - GENEL BİLGİ
Sabit uzunluklu kontrol alanı ta
008 - SABİT UZUNLUKTAKİ VERİ ÖGELERİ - GENEL BİLGİ
Sabit Alan 120904b2008 tu a|||gr||||#||||0|tur |
020 ## - ISBN - ULUSLARARASI STANDART KİTAP NUMARASI
Isbn 9789757936565
040 ## - KATALOGLAMA KAYNAĞI
Özgün Kataloglama Kurumu TR-BiSEU
Kataloglama Dili tur
Çeviri Kurumu TR-BiSEU
Açıklama Kuralları rda
041 0# - DİL KODU
Metin ya da ses kaydının dil kodu tur
044 ## - YAYINLAYAN/ÜRETEN KURULUŞUN ÜLKE KODU
ISO country code tu
050 ## - SINIFLAMA ve YER NUMARASI
Sınıflama Numarası QW18
Yer Numarası .M55 2008
245 1# - ESER ADI BİLDİRİMİ
Başlık Mikrobiyoloji laboratuvar kılavuzu/
Sorumluluk Bildirimi Gül Durmaz...[ve bşk.] ; editör Gül Durmaz.
250 ## - BASIM BİLDİRİMİ
Basım Bildirimi 1. bsk.
264 #1 - ÜRERİM, YAYIN, DAĞITIM ve TELİF BİLDİRİMİ
Yayın yeri Eskişehir :
Yayınlayan Eskişehir Osmangazi Üniversitesi Tıp Fakültesi
Yayın tarihi 2008
300 ## - FİZİKSEL TANIMLAMA
Sayfa, Cilt vb. 143 sayfa :
Diğer fiziki detaylar resimli, tbl. ;
Boyutları 28 cm.
336 ## - İÇERİK TÜRÜ
Content type term metin
Content type code txt
Source rdacontent
337 ## - MEDYA TÜRÜ
Media type term aracısız
Media type code n
Source rdamedia
338 ## - TAŞIYICI TÜRÜ
Carrier type term cilt
Carrier type code nc
Source rdacarrier
490 1# - DİZİ BİLDİRİMİ
Dizi Bildirimi Eskişehir Osmangazi Üniversitesi yayınları ;
Cilt Numarası yayın no: 149
500 ## - GENEL NOT
Genel Not Kaynakça var.
650 #0 - KONU BAŞLIĞI EK GİRİŞ - KONU TERİMİ
Konusal terim veya coğrafi ad Mikrobiology.
9 (RLIN) 71702
650 #0 - KONU BAŞLIĞI EK GİRİŞ - KONU TERİMİ
Konusal terim veya coğrafi ad Mikrobiyoloji.
9 (RLIN) 3065
830 1# - SERİ EK GİRİŞİ - TEKBİÇİM ESER ADI
Tekbiçim Başlık Eskişehir Osmangazi Üniversitesi yayınları ;
Volume number/sequential designation yayın no: 149
9 (RLIN) 37684
942 ## - EK GİRİŞ ÖGELERİ (KOHA)
Source of classification or shelving scheme Library of Congress Classification
Koha item type Book
Holdings
Materyal Türü Kalıcı Konum Mevcut Konum Raf Yeri Sınıflandırma Kaynağı Edinim Bilgisi Ana Konular Alt Konular Yer Numarası Demirbaş Numarası Fatura Tarihi Geri Çekilme Durumu Kayıp Durumu Hasarlı Durumu Kredi için değil Kayıt Tarih Toplam Ödünçverme Son Görülme Tarihi Son Kontrol Tarihi Genel / Bağış Notu
Book Prof. Dr. Azmi Özcan Kütüphanesi Prof. Dr. Azmi Özcan Kütüphanesi Birûni Salonu Library of Congress Classification Bağış BİLİM Mikrobiyoloji ve İmmünoloji QW18 .M55 2008 0038368 02/02/2026         04/09/2012 5 05/12/2024 05/12/2024 Genel Bağış